000 01011nas a2200337 4500
001 BR0900533
003 BR-BrBNA
005 20231205113035.0
007 ta
008 230509b bl.|||p| |||| 00| 00por d
040 _aBR-BrBNA
_bpor
_cBiblioteca Nacional de Agricultura
041 _a(Pt)
072 _aL70; E50
100 1 _aSantos, H.P.
100 1 _aTeixeira, W.C.
100 1 _aOliveira, M.M.M.
100 1 _aPereira, H. de M.
100 1 _aOliveira, R.A. de
100 1 _aNegreiros, R.C.
100 1 _aSoares Filho, P.M.
100 1 _aSantana, S.S.
100 1 _aCastro, R.S. de
245 1 _aBrucelose bovina e humana diagnosticada em matadouro municipal de São Luís- MA, Brasil
650 _aBOVINO
650 _aBRUCELOSE
650 _aSAÚDE PÚBLICA
650 _aSÃO LUÍS
773 0 _tCiência Veterinária nos Trópicos (Brazil)
_xISSN 1415-6326
_g(May-Dec 2007), v. 10(2-3) p. 86-94
_wBR0900533
909 _a202311
_bLúcia
_c55
_dLúcia Elande
942 _2AGRIS
_n0
_cANA
999 _c201481
_d201481